000 01253nam0a22002891 4500
001 rc\4431309
005 20250612082003.0
021 _aRU
_b[61-20317]
035 _a(NLR Aleph) 008575892
090 _a8554516
_c8554516
100 _a20130416d1961 |||y0rusy50 ca
101 0 _arus
102 _aRU
105 _aa z |||||
200 1 _aНаправление в моделировании одежды на 1961 год
_fЛенингр. отд-ние О-ва по распространению полит. и науч. знаний РСФСР. Ленингр. дом науч.-техн. пропаганды
210 _aЛенинград
_cБ. и.
_d1961
215 _a23 с.
_cил.
_d22
225 1 _a[Обмен передовым опытом
_v1]
_iСерия "Швейная промышленность"
_vВып. 1
606 _aОдежда
_xМоделирование
_2psbo
606 _aМоды
_z1961
_2psbo
700 1 _7ca
_8rus
_aИванова
_bВ. А.
_cпопуляризатор, швейная пром-ть
_gВалентина Александровна
_9263889
_3RU\NLR\AUTH\770263945
801 0 _aRU
_bNLR
_gpsbo
801 1 _aRU
_bELAR
_2rusmarc
852 _aNLR
_j61-6/3062
942 _cBOOK
980 _aNB